Hammond large type world atlas. (Record no. 1247)

MARC details
000 -LEADER
fixed length control field 00860cem a2200301 4500
005 - DATE AND TIME OF LATEST TRANSACTION
control field 20260322212052.0
007 - PHYSICAL DESCRIPTION FIXED FIELD--GENERAL INFORMATION
fixed length control field data
008 - FIXED-LENGTH DATA ELEMENTS--GENERAL INFORMATION
fixed length control field data
010 ## - LIBRARY OF CONGRESS CONTROL NUMBER
LC control number 85675723
020 ## - INTERNATIONAL STANDARD BOOK NUMBER
International Standard Book Number 0843712465 :
Terms of availability {dollar}24.95
020 ## - INTERNATIONAL STANDARD BOOK NUMBER
International Standard Book Number 9780843712469 :
Terms of availability {dollar}24.95
034 0# - CODED CARTOGRAPHIC MATHEMATICAL DATA
Category of scale a
040 ## - CATALOGING SOURCE
Original cataloging agency DLC
Transcribing agency DLC
Modifying agency DLC
050 00 - LIBRARY OF CONGRESS CALL NUMBER
Classification number G1021
Item number .H2727 1986
051 ## - LIBRARY OF CONGRESS COPY, ISSUE, OFFPRINT STATEMENT
Classification number G1021
Item number .H2727 1986 Copy 2
Copy information Gift, Hammond, 2003
082 00 - DEWEY DECIMAL CLASSIFICATION NUMBER
Classification number 912
Edition information 19
092 ## - LOCALLY ASSIGNED DEWEY CALL NUMBER (OCLC)
Classification number 912 H2727 1986
001 - CONTROL NUMBER
control field data
110 2# - MAIN ENTRY--CORPORATE NAME
Corporate name or jurisdiction name as entry element Hammond Incorporated.
245 10 - TITLE STATEMENT
Title Hammond large type world atlas.
Statement of responsibility, etc. Hammond Incorporated.
255 ## - CARTOGRAPHIC MATHEMATICAL DATA
Statement of scale Scales differ.
260 ## - PUBLICATION, DISTRIBUTION, ETC.
Place of publication, distribution, etc. Maplewood, N.J. :
Name of publisher, distributor, etc. Hammond Incorporated,
Date of publication, distribution, etc. c1986.
300 ## - PHYSICAL DESCRIPTION
Extent 1 atlas (144 p.) :
Other physical details col. maps ;
Dimensions 32 cm.
500 ## - GENERAL NOTE
General note Includes index and gazetteer.
650 #0 - SUBJECT ADDED ENTRY--TOPICAL TERM
Topical term or geographic name entry element Atlases.
650 #0 - SUBJECT ADDED ENTRY--TOPICAL TERM
Topical term or geographic name entry element Large type books.
740 0# - ADDED ENTRY--UNCONTROLLED RELATED/ANALYTICAL TITLE
Uncontrolled related/analytical title Large type world atlas.
Holdings
Withdrawn status Lost status Damaged status Not for loan Home library Current library Shelving location Date acquired Total checkouts Full call number Barcode Date last seen Price effective from Koha item type
        Centerville Centerville General stacks 22/03/2026   912 19 BC0011288 22/03/2026 22/03/2026 Books